LEADER 01150cam0-22003851i-450- 001 990006157430403321 005 20111130111357.0 010 $a88-14-04386-8 035 $a000615743 035 $aFED01000615743 035 $a(Aleph)000615743FED01 035 $a000615743 100 $a20000112e19931948km-y0itay50------ba 101 0 $aita 102 $aIT 105 $ay-------001yy 200 1 $aAccertamento convenzionale e confessione stragiudiziale$fCarlo Furno 210 $aMilano$cGiuffrè$d1993 215 $aXVIII, 279 p.$d24 cm 225 1 $aFondazione Piero Calamandrei$fUniversità di Firenze$v29 324 $aRistampa anastatica dell'edizione originale: Firenze : Sansoni, 1948 676 $a346.02$v20$zita 676 $a347 700 1$aFurno,$bCarlo$0227400 801 0$aIT$bUNINA$gRICA$2UNIMARC 901 $aBK 912 $a990006157430403321 952 $aCC-149$b429$fDDRC 952 $aUNIVERSITÀ 178 (29)$b23967*$fFGBC 952 $a19-F-127$b6009$fDDCP 959 $aFGBC 959 $aDDRC 959 $aDDCP 996 $aAccertamento convenzionale e confessione stragiudiziale$9644752 997 $aUNINA LEADER 04842nam 2200637 450 001 9910821547503321 005 20230807215846.0 010 $a1-118-46976-3 010 $a1-118-46978-X 035 $a(CKB)3710000000430756 035 $a(EBL)4035648 035 $a(SSID)ssj0001539502 035 $a(PQKBManifestationID)11860843 035 $a(PQKBTitleCode)TC0001539502 035 $a(PQKBWorkID)11532403 035 $a(PQKB)10965112 035 $a(MiAaPQ)EBC1998743 035 $a(DLC) 2014050003 035 $a(Au-PeEL)EBL1998743 035 $a(CaPaEBR)ebr11049051 035 $a(CaONFJC)MIL778967 035 $a(OCoLC)899114047 035 $a(EXLCZ)993710000000430756 100 $a20150507h20152015 uy 0 101 0 $aeng 135 $aur||||||||||| 181 $ctxt 182 $cc 183 $acr 200 10$aPatient studies in valvular, congenital and rarer forms of cardiovascular disease $ean integrative approach /$fFranklin B. Saksena 210 1$aWest Sussex, England :$cJohn Wiley & Sons, Inc.,$d2015. 210 4$d©2015 215 $a1 online resource (967 p.) 300 $aIncludes indexes. 311 $a1-118-46974-7 311 $a1-118-46979-8 320 $aIncludes bibliographical references and indexes. 327 $a""TITLE PAGE""; ""TABLE OF CONTENTS""; ""ABOUT THE AUTHOR""; ""PREFACE""; ""References""; ""ACKNOWLEDGMENTS""; ""ABBREVIATIONS""; ""Orientation symbols""; ""WORKED EXAMPLE""; ""1 Chest X rays""; ""2 12-lead ECG""; ""3 Phonocardiograms""; ""4 Cardiac catheterization - calculation of cardiac output""; ""5 History and physical examination""; ""6 Diagnosis and treatment""; ""Key points""; ""COMPANION WEBSITE""; ""1 PATIENT STUDY 1""; ""1 History 1965""; ""2 Chest X ray 1965""; ""3 Cardiac catheterization 1966""; ""4 ECG 1967""; ""5 History 1966-1968""; ""6 Chest X ray 1968"" 327 $a""7 Phonocardiogram 1968""""8 Physical examination 1968""; ""9 ECG 1969""; ""10 Chest X rays 1965-1969""; ""11 Course 1969""; ""Answers and commentary""; ""Key points""; ""Further reading""; ""2 PATIENT STUDY 2""; ""1 History 1973 and 1984""; ""2 ECG 1973""; ""3 Chest X ray 1973""; ""4 LV and aortic pressure curves 1973""; ""5 Intracardiac pressures 1973 and 1984""; ""6 Additional hemodynamic data 1973 and 1984""; ""7 Right and left heart catheters 1973""; ""8 Oxygen saturation sample run 1973 and 1984""; ""9 Cardiogreen dye curves 1973""; ""10 LAO aortogram 1973"" 327 $a""11 Physical examination 1973""""12 Physical examination 1984""; ""13 Echocardiogram 1984""; ""14 ECG 1984""; ""15 Chest X ray 1984""; ""16 Coronary angiography 1984""; ""17 Aortography 1984""; ""18 Follow-up 1984-2003""; ""Answers and commentary""; ""Discussion""; ""Key points""; ""References""; ""3 PATIENT STUDY 3""; ""1 and 2 History and ECG""; ""3 Chest X ray PA and lateral views""; ""4 Hemodynamics""; ""5 Physical examination""; ""6 Course""; ""Answers and commentary""; ""Key points""; ""Further reading""; ""4 PATIENT STUDY 4""; ""1 History""; ""2 Chest X ray 1974""; ""3 ECG 1974"" 327 $a""4 Pressures""""5 Angiograms""; ""6 Physical examination""; ""Answers and commentary""; ""Discussion""; ""Key points""; ""References""; ""5 PATIENT STUDY 5""; ""1 ECG November 1996""; ""2 ECG May 1997""; ""3 Chest X ray April 1997""; ""4 Phonocardiogram April 1997""; ""5 Two-dimensional echocardiogram April 1997""; ""6 Cardiac catheterization data April 1997""; ""7 History and physical examination April 1997""; ""8 Transesophageal echocardiography May 1997""; ""9 Course May-July 1997""; ""Answers and commentary""; ""Key points""; ""References""; ""6 PATIENT STUDY 6""; ""1 History"" 327 $a""2 ECG""""3 Chest X ray""; ""4 Pressures""; ""5 Oxygen saturation run""; ""6 Catheter positions""; ""7 Angiography""; ""8 Cardiogreen dye curves""; ""9 Physical examination""; ""Answers and commentary""; ""Discussion""; ""Key points""; ""References""; ""7 PATIENT STUDY 7""; ""1 M-mode echocardiogram""; ""2 ECG""; ""3 Phonocardiogram""; ""4 Chest X ray""; ""5 Hemodynamic data""; ""6 History and physical examination""; ""7 Course""; ""Answers and commentary""; ""Discussion""; ""Key points""; ""References""; ""8 PATIENT STUDY 8""; ""1 Physical examination""; ""2 Phonocardiogram"" 327 $a""3 M-mode echocardiogram"" 606 $aCardiovascular system$xDiseases 606 $aCardiovascular system$xDiseases$xTreatment 615 0$aCardiovascular system$xDiseases. 615 0$aCardiovascular system$xDiseases$xTreatment. 676 $a616.1 700 $aSaksena$b Franklin B.$0949365 801 0$bMiAaPQ 801 1$bMiAaPQ 801 2$bMiAaPQ 906 $aBOOK 912 $a9910821547503321 996 $aPatient studies in valvular, congenital and rarer forms of cardiovascular disease$94074680 997 $aUNINA